00580 2200193 4500245007600000020002100076250001100097100002700108700002400135650005500159650001000214005001900224260005500243041001400298084001200312300002800324490002500352336000900377 aArca-Arca Masa Hindu-Buddha di PekalongancAgustijanto IndradjajahText a978 979 8041 815 aCet. 1 aAgustijanto Indradjaja aBambang Sulistyanto aSejarah kerajaan-kerajaan Hindu dan Buddha di Indo aEbook a20240828141736 aJakartabPusat Penelitian Arkeologi Nasionalc2020 aIndonesia a959.801 a63 hal. :c14,8 x 21 cm aSeri Rumah Peradaban atext